| 000 | 00390nam a22001577a 4500 | ||
|---|---|---|---|
| 020 | _a978-0-357-71497-3 | ||
| 082 | _a658.45 | ||
| 100 | _aGuffey, Mary Ellen | ||
| 245 | _aEssentials of Bussiness Communication | ||
| 250 | _a12th | ||
| 260 |
_aAustralia: _bCengage Learning. _c2023 |
||
| 300 | _axv, 490p.: ill.; 28cm | ||
| 500 | _aInclude Index | ||
| 700 | _aLoewey, Dana | ||
| 942 | _cBK | ||
| 999 |
_c22088 _d22088 |
||